[Event "Quimper op 5th"]
[Site "Quimper"]
[Date "2014.10.31"]
[Round "3"]
[White "Bodenez, Vincent"]
[Black "Le Bris, Yann"]
[Result "1/2-1/2"]
[WhiteElo "2211"]
[BlackElo "1957"]
[PlyCount "80"]
[EventDate "2014.10.31"]
[EventType "swiss"]
[EventRounds "7"]
[EventCountry "FRA"]
[SourceTitle "EXT 2016"]
[Source "ChessBase"]
[SourceDate "2015.10.08"]
[SourceVersion "1"]
[SourceVersionDate "2015.10.08"]
[SourceQuality "1"]

1. f4 f5 2. e4 fxe4 3. d3 e3 4. Bxe3 Nf6 5. d4 e6 6. Bd3 b6 7. Nf3 Bb7 8. 0-0 Be7 9. Nc3 0-0 10. Qe1 Ba6 11. Bxa6 Nxa6 12. Ne5 Nb4 13. Qd2 Nbd5 14. Nxd5 Nxd5 15. c4 Nf6 16. d5 exd5 17. cxd5 Rc8 18. Rae1 Bd6 19. Nc4 Be7 20. Ne5 Re8 21. Qd3 c6 22. d6 Bf8 23. Qb3+ Nd5 24. Rd1 Qf6 25. Bd4 Qxd6 26. Qg3 Qe6 27. f5 Qd6 28. b4 Re7 29. Ng6 Rf7 30. Ne5 Re7 31. a3 Rce8 32. Rfe1 Qf6 33. Ba1 d6 34. Nxc6 Rxe1+ 35. Rxe1 Rxe1+ 36. Qxe1 Qxf5 37. Nxa7 Qd7 38. Qe4 Ne7 39. Qc4+ d5 40. Qa6 Qe6 1/2-1/2

[Event "Quimper op 5th"]
[Site "Quimper"]
[Date "2014.10.31"]
[Round "2"]
[White "Delaire, Eric"]
[Black "Bodenez, Vincent"]
[Result "1/2-1/2"]
[WhiteElo "1869"]
[BlackElo "2211"]
[PlyCount "114"]
[EventDate "2014.10.31"]
[EventType "swiss"]
[EventRounds "7"]
[EventCountry "FRA"]
[SourceTitle "EXT 2016"]
[Source "ChessBase"]
[SourceDate "2015.10.08"]
[SourceVersion "1"]
[SourceVersionDate "2015.10.08"]
[SourceQuality "1"]

1. e4 e6 2. d4 d5 3. Nc3 Bb4 4. e5 Ne7 5. a3 Bxc3+ 6. bxc3 c5 7. Qg4 0-0 8. Bd3 f5 9. exf6 Rxf6 10. Bg5 Rf7 11. Qh4 h6 12. Nf3 Nbc6 13. Bxe7 Qxe7 14. Qxe7 Rxe7 15. dxc5 e5 16. Bb5 Bg4 17. Bxc6 bxc6 18. Kd2 Bxf3 19. gxf3 Rf8 20. Rhg1 Rxf3 21. Rg2 Ref7 22. Re1 Rxf2+ 23. Re2 Rxg2 24. Rxg2 g5 25. h4 Rf5 26. Ke3 Kf7 27. hxg5 Rxg5 28. Rf2+ Ke6 29. Rf8 Rg3+ 30. Kd2 d4 31. cxd4 exd4 32. Rd8 Ke5 33. Rd6 Rxa3 34. Rxc6 Kd5 35. Rxh6 Kxc5 36. Rh8 Rg3 37. Rc8+ Kb4 38. Rb8+ Ka4 39. Rd8 Rg4 40. Kd3 a5 41. Rh8 Ka3 42. Rb8 Ka2 43. Rb5 a4 44. c3 dxc3 45. Kxc3 Rg3+ 46. Kc2 Rb3 47. Rh5 Rb7 48. Rc5 a3 49. Rc3 Rh7 50. Kc1 Rh1+ 51. Kc2 Rg1 52. Rd3 Rg2+ 53. Kc1 Rb2 54. Rc3 Rb1+ 55. Kc2 Rb2+ 56. Kc1 Rb3 57. Rxb3 Kxb3 1/2-1/2

[Event "Ostroda IM 8th"]
[Site "Ostroda"]
[Date "2011.08.08"]
[Round "6"]
[White "Posedaru, Bogdan Stefan"]
[Black "Bodenez, Vincent"]
[Result "0-1"]
[WhiteElo "2354"]
[BlackElo "2210"]
[PlyCount "70"]
[EventDate "2011.08.04"]
[EventType "tourn"]
[EventRounds "9"]
[EventCountry "POL"]
[EventCategory "2"]
[SourceTitle "CBM 143 Extra"]
[Source "ChessBase"]
[SourceDate "2011.08.29"]
[SourceVersion "1"]
[SourceVersionDate "2011.08.29"]
[SourceQuality "1"]

1. d4 f5 2. Bg5 g6 3. Nc3 Bg7 4. e4 fxe4 5. Nxe4 d5 6. Ng3 c5 7. dxc5 Bxb2 8. Rb1 Bc3+ 9. Bd2 Bd4 10. Nf3 Bxc5 11. Bc3 Nf6 12. Bb5+ Nc6 13. h4 Bg4 14. h5 g5 15. Be2 Rf8 16. 0-0 Bxf3 17. Bxf3 Qd6 18. Nf5 Qd7 19. Ng7+ Kf7 20. Bxf6 Kxf6 21. Bg4 Qd6 22. Ne6 Ne5 23. Nxf8 Rxf8 24. Rb3 h6 25. Bf3 Rd8 26. Re1 Qe6 27. c4 Qf5 28. cxd5 g4 29. Qa1 g3 30. Re2 Bxf2+ 31. Kf1 Rxd5 32. Qc1 Rd6 33. Rb5 Re6 34. Qxh6+ Kf7 35. Qh8 Qd3 0-1

[Event "Ostroda IM 8th"]
[Site "Ostroda"]
[Date "2011.08.05"]
[Round "2"]
[White "Bednarek, Sylwester"]
[Black "Bodenez, Vincent"]
[Result "1/2-1/2"]
[WhiteElo "2333"]
[BlackElo "2210"]
[PlyCount "36"]
[EventDate "2011.08.04"]
[EventType "tourn"]
[EventRounds "9"]
[EventCountry "POL"]
[EventCategory "2"]
[SourceTitle "CBM 143 Extra"]
[Source "ChessBase"]
[SourceDate "2011.08.29"]
[SourceVersion "1"]
[SourceVersionDate "2011.08.29"]
[SourceQuality "1"]

1. d4 Nf6 2. Bg5 Ne4 3. Bh4 c5 4. f3 Nf6 5. c3 Qb6 6. Qd2 d5 7. e3 Nbd7 8. g4 g6 9. Bg3 Bg7 10. b4 cxb4 11. cxb4 0-0 12. Nc3 Qxb4 13. Rb1 Qa5 14. Nb5 Qxd2+ 15. Kxd2 Ne8 16. Rc1 a6 17. Nc7 Nxc7 18. Rxc7 e5 1/2-1/2

[Event "Ostroda IM 8th"]
[Site "Ostroda"]
[Date "2011.08.04"]
[Round "1"]
[White "Bodenez, Vincent"]
[Black "Grabarczyk, Bogdan"]
[Result "0-1"]
[WhiteElo "2210"]
[BlackElo "2423"]
[PlyCount "66"]
[EventDate "2011.08.04"]
[EventType "tourn"]
[EventRounds "9"]
[EventCountry "POL"]
[EventCategory "2"]
[SourceTitle "CBM 143 Extra"]
[Source "ChessBase"]
[SourceDate "2011.08.29"]
[SourceVersion "1"]
[SourceVersionDate "2011.08.29"]
[SourceQuality "1"]

1. e4 c5 2. Nf3 e6 3. Nc3 a6 4. d4 cxd4 5. Nxd4 d6 6. g4 Ne7 7. g5 Nec6 8. Be3 b5 9. h4 Bb7 10. a3 Be7 11. Qd2 Nxd4 12. Qxd4 0-0 13. 0-0-0 Nc6 14. Qd2 Rc8 15. Kb1 b4 16. axb4 Nxb4 17. Qd4 d5 18. Qb6 Qd7 19. Bg2 Rc4 20. exd5 exd5 21. Bh3 Qc6 22. Bf1 Rxc3 23. bxc3 Qxc3 24. Bd3 Ba8 25. Bd4 Qa3 26. Qc7 Qa2+ 27. Kc1 Nc6 28. Bb2 Rb8 29. Bc3 d4 30. Bxd4 Qa3+ 31. Kd2 Bd6 32. Qd7 Nxd4 33. Rb1 Bf4+ 0-1

[Event "FRA-chT2 1011"]
[Site "France"]
[Date "2010.10.17"]
[Round "1.1"]
[White "Bodenez, Vincent"]
[Black "Chaplain, Fabrice"]
[Result "1-0"]
[WhiteElo "2147"]
[BlackElo "2124"]
[PlyCount "135"]
[EventDate "2010.10.17"]
[EventType "team-tourn"]
[EventRounds "11"]
[EventCountry "FRA"]
[SourceTitle "EXT 2012"]
[Source "ChessBase"]
[SourceDate "2011.11.24"]
[SourceVersion "1"]
[SourceVersionDate "2011.11.24"]
[SourceQuality "1"]

1. d4 Nf6 2. Bg5 Ne4 3. Bf4 d6 4. f3 Nf6 5. e4 g6 6. Qd2 Bg7 7. Nc3 Nc6 8. 0-0-0 Nh5 9. Be3 e5 10. d5 Ne7 11. g4 Nf4 12. Nge2 g5 13. h4 h6 14. h5 0-0 15. Ng3 Bf6 16. Nb5 a6 17. Na3 Bd7 18. c4 b6 19. Kb1 Kh7 20. Rh2 Ng8 21. Bd3 Be7 22. Nf5 Nf6 23. Bc2 Be8 24. Qc3 Nd7 25. Rhd2 Nc5 26. Bxc5 bxc5 27. Qa5 Bd7 28. Ne3 Qb8 29. Ba4 Rd8 30. Bxd7 Rxd7 31. Qa4 Qe8 32. Rc1 Rdd8 33. Qxe8 Rxe8 34. Rc3 Reb8 35. Kc2 Rb6 36. Nf5 Bf8 37. Rb3 Rab8 38. Rxb6 Rxb6 39. Kc3 f6 40. Nc2 a5 41. Na3 a4 42. Nb5 Rb7 43. b3 axb3 44. axb3 Kg8 45. Ra2 Kf7 46. Kd2 Nh3 47. Ra8 Ng1 48. Ke3 Nh3 49. Rd8 Nf4 50. Rc8 Ng2+ 51. Kd2 Nh4 52. Ke2 Nxf5 53. exf5 Be7 54. Kd3 Rb6 55. Rxc7 Ra6 56. Ra7 Rxa7 57. Nxa7 Bd8 58. Nc6 Bb6 59. Kc3 Ke8 60. Kb2 Kd7 61. Ka3 Kc7 62. Ka4 Kb7 63. Kb5 Bc7 64. Ne7 Bd8 65. Ng8 Kc7 66. Nxh6 Be7 67. Nf7 Bf8 68. h6 1-0

[Event "FRA-chT Top 16 GpA"]
[Site "France"]
[Date "2010.03.27"]
[Round "2"]
[White "Moussard, Jules"]
[Black "Bodenez, Vincent"]
[Result "1-0"]
[WhiteElo "2379"]
[BlackElo "2186"]
[PlyCount "39"]
[EventDate "2010.03.26"]
[EventType "team-tourn"]
[EventRounds "7"]
[EventCountry "FRA"]
[SourceTitle "CBM 135 Extra"]
[Source "ChessBase"]
[SourceDate "2010.05.04"]
[SourceVersion "1"]
[SourceVersionDate "2010.05.04"]
[SourceQuality "1"]

1. e4 e6 2. d4 d5 3. Nc3 Nf6 4. Bg5 Be7 5. e5 Nfd7 6. h4 c5 7. Bxe7 Kxe7 8. Qg4 Kf8 9. Nf3 Nc6 10. dxc5 Ndxe5 11. Nxe5 Nxe5 12. Qg3 Nd7 13. Nb5 a6 14. Qa3 Qe7 15. Nd6 Nf6 16. Bd3 g6 17. 0-0-0 h5 18. Kb1 Kg7 19. c4 Bd7 20. c6 1-0

[Event "FRA-chT1B 0809"]
[Site "France"]
[Date "2009.04.05"]
[Round "11.6"]
[White "Bodenez, Vincent"]
[Black "Jossien, Remy"]
[Result "1/2-1/2"]
[WhiteElo "2193"]
[BlackElo "2287"]
[PlyCount "29"]
[EventDate "2008.10.19"]
[EventType "team-tourn"]
[EventRounds "11"]
[EventCountry "FRA"]
[SourceTitle "EXT 2010"]
[Source "ChessBase"]
[SourceDate "2010.11.25"]
[SourceVersion "1"]
[SourceVersionDate "2010.11.25"]
[SourceQuality "1"]
[WhiteTeam "Guingamp"]
[BlackTeam "Cappelle la Grande"]
[WhiteTeamCountry "FRA"]
[BlackTeamCountry "FRA"]

1. e4 e5 2. Nc3 Nc6 3. Bc4 Bc5 4. Qg4 g6 5. Qf3 Nf6 6. Nge2 d6 7. d3 h6 8. a3 Qe7 9. h3 Nd4 10. Nxd4 Bxd4 11. Nd5 Nxd5 12. Bxd5 c6 13. Ba2 Be6 14. Bxe6 Qxe6 15. 0-0 1/2-1/2

[Event "FRA-chT1B 0809"]
[Site "France"]
[Date "2009.03.15"]
[Round "9.7"]
[White "Bodenez, Vincent"]
[Black "Stoenescu, Radu"]
[Result "1/2-1/2"]
[WhiteElo "2193"]
[BlackElo "2135"]
[PlyCount "47"]
[EventDate "2008.10.19"]
[EventType "team-tourn"]
[EventRounds "11"]
[EventCountry "FRA"]
[SourceTitle "EXT 2010"]
[Source "ChessBase"]
[SourceDate "2010.11.25"]
[SourceVersion "1"]
[SourceVersionDate "2010.11.25"]
[SourceQuality "1"]
[WhiteTeam "Guingamp"]
[BlackTeam "Club 608"]
[WhiteTeamCountry "FRA"]
[BlackTeamCountry "FRA"]

1. e4 c5 2. Nf3 d6 3. Nc3 Nf6 4. d4 cxd4 5. Nxd4 a6 6. f3 e5 7. Nb3 Be6 8. Be3 b5 9. Qd2 Nbd7 10. a4 b4 11. Nd5 a5 12. g4 h5 13. g5 Nxd5 14. exd5 Bf5 15. Bb5 Be7 16. h4 0-0 17. Qf2 Qc7 18. Rc1 Bd8 19. c3 bxc3 20. Rxc3 Qb8 21. Bc6 Ra6 22. Bb5 Ra8 23. Bc6 Ra6 24. Bb5 1/2-1/2

[Event "FRA-chT1B 0809"]
[Site "France"]
[Date "2009.02.08"]
[Round "7.7"]
[White "Murie, Eric"]
[Black "Bodenez, Vincent"]
[Result "1/2-1/2"]
[WhiteElo "2068"]
[BlackElo "2193"]
[PlyCount "47"]
[EventDate "2008.10.19"]
[EventType "team-tourn"]
[EventRounds "11"]
[EventCountry "FRA"]
[SourceTitle "EXT 2010"]
[Source "ChessBase"]
[SourceDate "2010.11.25"]
[SourceVersion "1"]
[SourceVersionDate "2010.11.25"]
[SourceQuality "1"]
[WhiteTeam "Nantes"]
[BlackTeam "Guingamp"]
[WhiteTeamCountry "FRA"]
[BlackTeamCountry "FRA"]

1. e4 e6 2. d4 d5 3. e5 c5 4. c3 Nc6 5. Nf3 Bd7 6. Be2 Nge7 7. 0-0 cxd4 8. cxd4 Nf5 9. Nc3 Rc8 10. a3 Be7 11. g4 Nh4 12. Nxh4 Bxh4 13. f4 f6 14. Qd3 0-0 15. Be3 fxe5 16. fxe5 Rxf1+ 17. Rxf1 Bg5 18. Bxg5 Qxg5 19. Qf3 Qe7 20. Qf4 Rf8 21. Qxf8+ Qxf8 22. Rxf8+ Kxf8 23. Bb5 Nb8 24. Bd3 1/2-1/2

[Event "FRA-chT1B 0809"]
[Site "France"]
[Date "2008.11.22"]
[Round "2.6"]
[White "Bodenez, Vincent"]
[Black "Godard, Maxence"]
[Result "1/2-1/2"]
[WhiteElo "2193"]
[BlackElo "2336"]
[PlyCount "89"]
[EventDate "2008.10.19"]
[EventType "team-tourn"]
[EventRounds "11"]
[EventCountry "FRA"]
[SourceTitle "EXT 2010"]
[Source "ChessBase"]
[SourceDate "2010.11.25"]
[SourceVersion "1"]
[SourceVersionDate "2010.11.25"]
[SourceQuality "1"]
[WhiteTeam "Guingamp"]
[BlackTeam "Deauville"]
[WhiteTeamCountry "FRA"]
[BlackTeamCountry "FRA"]

1. e4 c6 2. d4 d5 3. Nd2 dxe4 4. Nxe4 Nd7 5. Ng5 Ngf6 6. Bc4 e6 7. Qe2 Nb6 8. Bd3 h6 9. N5f3 c5 10. Be3 Nbd5 11. c3 Nxe3 12. fxe3 a6 13. Ne5 Bd6 14. Ngf3 Nd7 15. Nc4 Bc7 16. a4 b6 17. 0-0 Bb7 18. e4 0-0 19. Ncd2 Qe7 20. Rac1 e5 21. d5 Nf6 22. g3 Ne8 23. Nh4 g6 24. Rf2 Bc8 25. Rcf1 Kg7 26. Kg2 Nd6 27. Nc4 Nxc4 28. Bxc4 Bd6 29. b3 f6 30. Kh1 Qb7 31. g4 Bd7 32. Rg2 Kh7 33. Rgf2 Kg7 34. Rg2 Rf7 35. Ra1 b5 36. axb5 axb5 37. Rxa8 Qxa8 38. Bxb5 Bxb5 39. Qxb5 Qa1+ 40. Rg1 Qxc3 41. Qe8 Bf8 42. Nf5+ gxf5 43. gxf5+ Kh8 44. Qxf7 Qf3+ 45. Rg2 1/2-1/2

[Event "FRA-chT1A 0708"]
[Site "France"]
[Date "2008.03.16"]
[Round "9.6"]
[White "Bodenez, Vincent"]
[Black "Cossin, Sebastien"]
[Result "0-1"]
[WhiteElo "2175"]
[BlackElo "2437"]
[PlyCount "114"]
[EventDate "2007.10.21"]
[EventType "team"]
[EventRounds "11"]
[EventCountry "FRA"]
[SourceTitle "EXT 2009"]
[Source "ChessBase"]
[SourceDate "2008.11.26"]
[SourceVersion "1"]
[SourceVersionDate "2008.11.26"]
[SourceQuality "1"]
[WhiteTeam "Guingamp"]
[BlackTeam "Chalons en Champagne"]
[WhiteTeamCountry "FRA"]
[BlackTeamCountry "FRA"]

1. e4 c5 2. Nf3 d6 3. d4 cxd4 4. Nxd4 Nf6 5. Nc3 a6 6. Be3 e5 7. Nb3 Be6 8. f3 Be7 9. Qd2 0-0 10. 0-0-0 Nbd7 11. g4 b5 12. g5 b4 13. Ne2 Ne8 14. f4 a5 15. f5 a4 16. Nbd4 exd4 17. Nxd4 b3 18. Kb1 bxc2+ 19. Nxc2 Bxa2+ 20. Kxa2 Ne5 21. h4 Qb8 22. Rh3 Qb3+ 23. Ka1 Nc7 24. Bd4 Nf3 25. Qd3 Nxd4 26. Nxd4 Qb7 27. f6 Rfb8 28. Rd2 a3 29. b3 Bf8 30. h5 Ne6 31. Nxe6 fxe6 32. Ka2 Ra5 33. h6 gxf6 34. gxf6 Rg5 35. Rg2 Rxg2+ 36. Bxg2 Qf7 37. e5 dxe5 38. Be4 Kh8 39. Rg3 Qxf6 40. Rf3 Qd8 41. Bxh7 Qxd3 42. Bxd3 Rd8 43. h7 e4 44. Rxf8+ Rxf8 45. Bxe4 Rf4 46. Bb1 e5 47. Kxa3 e4 48. b4 e3 49. Bd3 Rd4 50. Bf1 Kxh7 51. Ka4 Kg7 52. Ka5 Kf7 53. b5 Ke7 54. b6 Kd8 55. Ka6 Kc8 56. Ka7 Ra4+ 57. Ba6+ Rxa6+ 0-1

[Event "FRA-chT1A 0708"]
[Site "France"]
[Date "2008.02.09"]
[Round "6.6"]
[White "Bodenez, Vincent"]
[Black "Piot, Olivier"]
[Result "0-1"]
[WhiteElo "2175"]
[BlackElo "2241"]
[PlyCount "59"]
[EventDate "2007.10.21"]
[EventType "team"]
[EventRounds "11"]
[EventCountry "FRA"]
[SourceTitle "EXT 2009"]
[Source "ChessBase"]
[SourceDate "2008.11.26"]
[SourceVersion "1"]
[SourceVersionDate "2008.11.26"]
[SourceQuality "1"]
[WhiteTeam "Guingamp"]
[BlackTeam "Noisy le Grand"]
[WhiteTeamCountry "FRA"]
[BlackTeamCountry "FRA"]

1. e4 c5 2. Nf3 d6 3. d4 cxd4 4. Nxd4 Nf6 5. Nc3 a6 6. Be3 e5 7. Nb3 Be6 8. f3 Nbd7 9. g4 b5 10. g5 b4 11. Ne2 Nh5 12. Qd2 a5 13. Ng3 Nxg3 14. hxg3 Qc7 15. f4 a4 16. Nc1 Qb7 17. Bg2 Nc5 18. Bxc5 dxc5 19. Nd3 Rd8 20. Qf2 Qc7 21. Nxe5 c4 22. g6 Bc5 23. Qe2 fxg6 24. Nxg6 Rg8 25. Rxh7 Bd4 26. Qh5 Bxb2 27. Rb1 Bc3+ 28. Kf1 Rd2 29. Bh3 Qb6 30. Ne5+ 0-1

[Event "FRA-chT1A 0607"]
[Site "France"]
[Date "2007.01.25"]
[Round "6.5"]
[White "Harovelo, Ingmar"]
[Black "Bodenez, Vincent"]
[Result "1/2-1/2"]
[WhiteElo "2218"]
[BlackElo "2200"]
[PlyCount "20"]
[EventDate "2006.10.15"]
[EventType "team-tourn"]
[EventRounds "11"]
[EventCountry "FRA"]
[SourceTitle "EXT 2008"]
[Source "ChessBase"]
[SourceDate "2007.11.25"]
[SourceVersion "1"]
[SourceVersionDate "2007.11.25"]
[SourceQuality "1"]
[WhiteTeam "Issy les Moulineaux"]
[BlackTeam "Guingamp"]
[WhiteTeamCountry "FRA"]
[BlackTeamCountry "FRA"]

1. d4 Nf6 2. c4 e6 3. g3 d5 4. Nf3 Be7 5. Bg2 0-0 6. 0-0 c6 7. Qc2 b6 8. Rd1 Ba6 9. cxd5 cxd5 10. Bf4 Bd6 1/2-1/2

[Event "FRA-chT1A 0607"]
[Site "France"]
[Date "2006.11.25"]
[Round "2.4"]
[White "Bodenez, Vincent"]
[Black "Colin, Vincent"]
[Result "0-1"]
[WhiteElo "2200"]
[BlackElo "2428"]
[PlyCount "82"]
[EventDate "2006.10.15"]
[EventType "team-tourn"]
[EventRounds "11"]
[EventCountry "FRA"]
[SourceTitle "EXT 2008"]
[Source "ChessBase"]
[SourceDate "2007.11.25"]
[SourceVersion "1"]
[SourceVersionDate "2007.11.25"]
[SourceQuality "1"]
[WhiteTeam "Guingamp"]
[BlackTeam "Deauville"]
[WhiteTeamCountry "FRA"]
[BlackTeamCountry "FRA"]

1. e4 c5 2. Nf3 Nc6 3. d4 cxd4 4. Nxd4 g6 5. Nc3 Bg7 6. Be3 Nf6 7. Bc4 d6 8. f3 Qb6 9. Ncb5 Qa5+ 10. Qd2 Qxd2+ 11. Kxd2 0-0 12. c3 Bd7 13. Bb3 Rfc8 14. Na3 Na5 15. Rhd1 a6 16. Ke2 b5 17. Rd2 Rab8 18. Rad1 Rc7 19. Kf2 Nb7 20. Ne2 Nc5 21. Bxc5 Rxc5 22. Nc2 a5 23. a3 Rc7 24. Nf4 Bh6 25. g3 Bxf4 26. gxf4 Rc5 27. Ne1 Rh5 28. Ke3 b4 29. axb4 axb4 30. c4 Be6 31. Ra1 Nd7 32. Nd3 Kf8 33. Ra4 Nc5 34. Nxc5 dxc5 35. Ra5 f6 36. Ra7 Rc8 37. Ba2 Ke8 38. b3 Rd8 39. Rg2 Rd1 40. Ra5 Rh1 41. Kf2 Bh3 0-1

[Event "FRA-ch Accession"]
[Site "Besancon"]
[Date "2006.08.24"]
[Round "9"]
[White "Bodenez, Vincent"]
[Black "Faure, Stephane"]
[Result "1/2-1/2"]
[WhiteElo "2194"]
[BlackElo "2143"]
[PlyCount "51"]
[EventDate "2006.08.15"]
[EventType "swiss"]
[EventRounds "10"]
[EventCountry "FRA"]
[SourceTitle "CBM 113 Extra"]
[Source "ChessBase"]
[SourceDate "2006.09.14"]
[SourceVersion "1"]
[SourceVersionDate "2006.09.14"]
[SourceQuality "1"]

1. d4 Nf6 2. Bg5 e6 3. e4 h6 4. Bxf6 Qxf6 5. Qd2 c5 6. e5 Qd8 7. Nc3 d5 8. exd6 Bxd6 9. 0-0-0 Be7 10. d5 0-0 11. d6 Bf6 12. Ne4 Bd7 13. Ne2 Bc6 14. N2c3 Nd7 15. Rg1 b5 16. Nxf6+ Qxf6 17. f3 c4 18. Ne2 Rab8 19. Ng3 Rfd8 20. Be2 Nc5 21. Nh5 Qg6 22. g4 e5 23. Qe3 Qg5 24. f4 exf4 25. Qxf4 Ne6 26. Qxg5 1/2-1/2

[Event "FRA-ch Accession"]
[Site "Besancon"]
[Date "2006.08.17"]
[Round "3"]
[White "Gaubil, Olivier"]
[Black "Bodenez, Vincent"]
[Result "1-0"]
[WhiteElo "2103"]
[BlackElo "2194"]
[PlyCount "45"]
[EventDate "2006.08.15"]
[EventType "swiss"]
[EventRounds "10"]
[EventCountry "FRA"]
[SourceTitle "CBM 113 Extra"]
[Source "ChessBase"]
[SourceDate "2006.09.14"]
[SourceVersion "1"]
[SourceVersionDate "2006.09.14"]
[SourceQuality "1"]

1. Nf3 Nf6 2. c4 e6 3. d4 d5 4. g3 Be7 5. Bg2 0-0 6. 0-0 c6 7. Qc2 Nbd7 8. Rd1 b6 9. b3 Ba6 10. Nbd2 Rc8 11. e4 c5 12. exd5 exd5 13. dxc5 Bxc5 14. Bb2 b5 15. Qf5 bxc4 16. bxc4 dxc4 17. Ng5 g6 18. Qf3 Rb8 19. Rab1 Bb7 20. Nde4 Nxe4 21. Nxe4 f5 22. Qc3 Qe7 23. Rxd7 1-0

[Event "FRA-ch Accession"]
[Site "Besancon"]
[Date "2006.08.15"]
[Round "1"]
[White "Massoni, Michael"]
[Black "Bodenez, Vincent"]
[Result "0-1"]
[WhiteElo "2047"]
[BlackElo "2194"]
[PlyCount "36"]
[EventDate "2006.08.15"]
[EventType "swiss"]
[EventRounds "10"]
[EventCountry "FRA"]
[SourceTitle "CBM 113 Extra"]
[Source "ChessBase"]
[SourceDate "2006.09.14"]
[SourceVersion "1"]
[SourceVersionDate "2006.09.14"]
[SourceQuality "1"]

1. e4 c5 2. Nc3 a6 3. Nf3 d6 4. d4 cxd4 5. Nxd4 Nf6 6. Be3 e6 7. g4 b5 8. g5 Nfd7 9. Rg1 Bb7 10. a3 Nc6 11. f4 Rc8 12. Qg4 Nxd4 13. Bxd4 e5 14. Be3 h5 15. Qh4 Qa5 16. Bd2 b4 17. Nd5 Bxd5 18. Bxb4 Qb6 0-1

[Event "Hennebont Grand Prix"]
[Site "Hennebont"]
[Date "2006.08.05"]
[Round "1"]
[White "Bodenez, Vincent"]
[Black "Schmouchkovitch, Michel"]
[Result "1-0"]
[WhiteElo "2194"]
[BlackElo "1969"]
[PlyCount "89"]
[EventDate "2006.08.05"]
[EventType "swiss"]
[EventRounds "7"]
[EventCountry "FRA"]
[SourceTitle "EXT 2007"]
[Source "ChessBase"]
[SourceDate "2006.11.23"]
[SourceVersion "1"]
[SourceVersionDate "2006.11.23"]
[SourceQuality "1"]

1. d4 e6 2. a3 f5 3. c4 Nf6 4. Nc3 Be7 5. Nf3 0-0 6. Bf4 d6 7. e3 Qe8 8. Qc2 a5 9. h3 Qc6 10. Bd3 Nh5 11. d5 Qe8 12. dxe6 Nxf4 13. exf4 Bxe6 14. 0-0 g6 15. Rfe1 Qd7 16. Re2 Nc6 17. Rae1 Bf7 18. Nd5 Rae8 19. h4 Bd8 20. h5 Rxe2 21. Rxe2 Re8 22. Rxe8+ Qxe8 23. Qc3 Qf8 24. Ng5 Qg7 25. Qb3 b6 26. Qb5 Nb8 27. Qb3 Bxg5 28. fxg5 Bxd5 29. h6 Qe7 30. cxd5 Qxg5 31. Qc3 Qe7 32. Bb5 Qf7 33. g3 g5 34. Bd3 Nd7 35. Qxc7 Ne5 36. Qd8+ Qf8 37. Qxg5+ Kh8 38. Be2 Ng6 39. Bf3 f4 40. Kg2 fxg3 41. fxg3 Ne5 42. Bh5 Nf7 43. Qf6+ Kg8 44. Bxf7+ Qxf7 45. Qxd6 1-0

[Event "Fouesnant op 10th"]
[Site "Fouesnant"]
[Date "2004.10.28"]
[Round "7"]
[White "Bodenez, Vincent"]
[Black "Yoccoz, Jean Christophe"]
[Result "0-1"]
[WhiteElo "2231"]
[BlackElo "2165"]
[PlyCount "46"]
[EventDate "2004.10.23"]
[EventType "swiss"]
[EventRounds "9"]
[EventCountry "FRA"]
[SourceTitle "EXT 2007"]
[Source "ChessBase"]
[SourceDate "2006.11.23"]
[SourceVersion "1"]
[SourceVersionDate "2006.11.23"]
[SourceQuality "1"]

1. e4 e6 2. d4 d5 3. Nc3 Nf6 4. e5 Nfd7 5. Nce2 c5 6. f4 Nc6 7. Nf3 f6 8. c3 Be7 9. g3 fxe5 10. fxe5 0-0 11. Nf4 Qb6 12. Bh3 cxd4 13. Bxe6+ Kh8 14. Nxd5 Qa5 15. b4 Qd8 16. Bxd7 Qxd7 17. Nxe7 Qxe7 18. Bg5 Qf7 19. Bf4 Bg4 20. Ng5 Qd5 21. Qxg4 Qxh1+ 22. Kf2 Qxh2+ 23. Kf3 Nxe5+ 0-1